00417 a2200157 4500003000400000005001700004008004100021020001800062040000900080082002000089100002100109245006100130250001200191260004600203300001000249OSt20240205160411.0240205b |||||||| |||| 00| 0 eng d a9789392115677 coclc a894.8128bKHA/P aKhalidi, Rashid  aPALASTINE YUDHATHINTE NOORU VARSHANGAL /cRashid Khalidi a1st ed. aMALAPPURAM:bBOOK PLUS PUBLISHERS,c2023. a395P.